书目信息 |
| 题名: |
中国社会与文化英语读本
|
|
| 作者: | 姚宝荣 , 冯伟年 主编 | |
| 分册: | ||
| 出版信息: | 西安 西安交通大学出版社 2011.02 |
|
| 页数: | 358页 | |
| 开本: | 22cm | |
| 丛书名: | ||
| 单 册: | ||
| 中图分类: | H319.4:K | |
| 科图分类: | ||
| 主题词: | 英语--ying yu--语言读物 , 文化史--wen hua shi--中国 | |
| 电子资源: | ||
| ISBN: | 978-7-5605-3839-6 | |
| 000 | 01143nam0 2200277 450 | |
| 001 | 012011331441 | |
| 005 | 20111107153103.39 | |
| 010 | @a978-7-5605-3839-6@dCNY39.80 | |
| 100 | @a20110608d2011 em y0chiy0120 ea | |
| 101 | 1 | @achi@aeng |
| 102 | @aCN@b610000 | |
| 105 | @aac a 000yy | |
| 106 | @ar | |
| 200 | 1 | @a中国社会与文化英语读本@Azhong guo she hui yu wen hua ying yu du ben@d= A survey of chinese society and culture@f姚宝荣, 冯伟年主编@Fyao bao rong,feng wei nian zhu bian@zeng |
| 210 | @a西安@c西安交通大学出版社@d2011.02 | |
| 215 | @a358页@c图, 肖像@d22cm | |
| 320 | @a有书目 (第357-358页) | |
| 330 | @a这本书主要写的是我们每一位中国人,尤其是英语学习者和跨文化交际者,都肩负着传播中国文化,实现中西方文化交流的使命,本书共分为十三个部分,第一部分的第一章写的是中国概要里面有国土, 人口, 少数民族等。 | |
| 510 | 1 | @aSurvey of chinese society and culture@zeng |
| 606 | 0 | @a英语@Aying yu@j语言读物 |
| 606 | 0 | @a文化史@Awen hua shi@y中国 |
| 690 | @aH319.4:K@v4 | |
| 701 | 0 | @a姚宝荣@Ayao bao rong@4主编 |
| 701 | 0 | @a冯伟年@Afeng wei nian@4主编 |
| 801 | 0 | @aCN@bQSSK@c20111107 |
| 905 | @b793562-64@dH319.4:K@eY352@f3 | |
| 中国社会与文化英语读本= A survey of chinese society and culture/姚宝荣, 冯伟年主编.-西安:西安交通大学出版社,2011.02 |
| 358页:图, 肖像;22cm |
| ISBN 978-7-5605-3839-6:CNY39.80 |
| 这本书主要写的是我们每一位中国人,尤其是英语学习者和跨文化交际者,都肩负着传播中国文化,实现中西方文化交流的使命,本书共分为十三个部分,第一部分的第一章写的是中国概要里面有国土, 人口, 少数民族等。 |
| ● |
| 相关链接 |
|
|
|
正题名:中国社会与文化英语读本
索取号:H319.4:K/Y352
 
预约/预借
| 序号 | 登录号 | 条形码 | 馆藏地/架位号 | 状态 | 备注 |
| 1 | 793562 | 207935626 | 语言库209/209语言库 26排1列3层/ [索取号:H319.4:K/Y352] | 在馆 | |
| 2 | 793563 | 207935635 | 语言库209/209语言库 26排1列3层/ [索取号:H319.4:K/Y352] | 在馆 | |
| 3 | 793564 | 207935644 | 语言库209/209语言库 26排1列3层/ [索取号:H319.4:K/Y352] | 在馆 |